000 00277nam a2200109Ia 4500
008 200302s9999 xx 000 0 und d
100 _aEisenman, Peter & Other
245 _aReconstruction Deconstruction
260 _bAcdemy Editions Group Ltd.
260 _c1994
300 _a96 P.,
999 _c877
_d877